All Pokémon with Tinted Lens - Statistics

General Stats
  • This quiz has been taken 3 times
  • The average score is 8 of 12
Answer Stats
(Avail)ability Pokémon % Correct
Hidden Ability Butterfree
100%
Hidden Ability Hoothoot
100%
Hidden Ability Noctowl
100%
Hidden Ability Sigilyph
100%
Second Ability Venomoth
100%
Second Ability Venonat
100%
Hidden Ability Lokix
50%
Hidden Ability Nymble
50%
Second Ability Yanmega
50%
Hidden Ability Hisuian Braviary
0%
Second Ability Illumise
0%
Hidden Ability Mothim
0%
No matching quizzes found
Score Distribution
Percent of People with Each Score
Percentile by Number Answered
Your Score History
You have not taken this quiz